|
|
|
|
| LEADER |
00000nab a2200000 a 4500 |
| 001 |
vtls009003865 |
| 003 |
SK-MaSNL |
| 005 |
20260303065614.0 |
| 008 |
140512c2007 xo dr|p|||||||000 b|slo |
| 015 |
|
|
|a SNBRB2007/06
|2 snkbucl
|
| 038 |
|
|
|a SNKBUCL
|
| 040 |
|
|
|a SNKBUCL
|b slo
|c SNKBUCL
|e AACR2
|
| 041 |
|
|
|a slo
|
| 044 |
|
|
|a xo
|c SK
|
| 080 |
|
|
|a 82:070
|x (437.6)
|2 2001
|
| 080 |
|
|
|a 070:82
|x (437.6)
|2 2001
|
| 100 |
1 |
|
|a Balogh, Alexander,
|d 1946-
|4 aut
|9 173522
|
| 245 |
1 |
0 |
|a Kunderov duch a Kristove roky
|c Alexander Balogh
|
| 300 |
|
|
|b Obr.
|
| 500 |
|
|
|a Od 15.1.2007 návrat k pôvodnému vročeniu
|
| 630 |
0 |
7 |
|a Kritika & Kontext (časopis)
|y 2007
|x č. 33
|2 snkbucl
|9 1065904
|
| 655 |
|
7 |
|a recenzie
|2 snkbucl
|9 21907
|
| 773 |
0 |
|
|t Sme
|g Roč. 15, č. 136 (14.6.2007)
|x 1335-440X
|
| 773 |
0 |
8 |
|t Kultúra
|g S. 27
|
| 852 |
|
|
|a SNK
|b KIS3GCP
|
| 958 |
|
|
|a RC
|
| 999 |
|
|
|c 1751885
|d 1753815
|